[Event "XVI Sigeman & Co"]
[Site "Malmo SWE"]
[Date "2008.04.24"]
[Round "3"]
[White "Hansen,LB"]
[Black "Hillarp Persson,T"]
[Result "1/2-1/2"]
[WhiteElo "2563"]
[BlackElo "2491"]

1.d4 d5 2.Nf3 Nf6 3.c4 c6 4.Nc3 e6 5.e3 a6 6.Qc2 c5 7.cxd5 exd5 8.Be2 Nc6
9.O-O Be6 10.dxc5 Bxc5 11.a3 Rc8 12.b4 Ba7 13.Bb2 O-O 14.b5 axb5 15.Nxb5 Bb8
16.Qd3 Ne4 17.Rac1 Qe7 18.Nc3 Nf6 19.Nb5 Ne4 20.Nc3 Nf6 21.Nb5  1/2-1/2

[Event "IX EICC w"]
[Site "Plovdiv BUL"]
[Date "2008.04.24"]
[Round "4"]
[White "Kadimova,I"]
[Black "Efroimski,M"]
[Result "1-0"]
[WhiteElo "2308"]
[BlackElo "2081"]

1.d4 d5 2.c4 e6 3.Nc3 c6 4.e3 Nf6 5.Nf3 Nbd7 6.Bd3 dxc4 7.Bxc4 b5 8.Bd3 a6
9.e4 c5 10.e5 cxd4 11.Nxb5 axb5 12.exf6 gxf6 13.O-O Qb6 14.Qe2 b4 15.a4 Bc5
16.Rd1 Bb7 17.Bb5 e5 18.Nxe5 O-O-O 19.Nxd7 Rxd7 20.Bxd7+ Kxd7 21.Qc4 Qc6
22.Qxf7+ Kc8 23.Qg7 Re8 24.Bf4 Re7 25.Qg4+ Qd7 26.Qxd7+ Kxd7 27.Rac1 Bb6
28.Be3 Re4 29.Bxd4 Bxd4 30.Rc4  1-0

[Event "IX EICC"]
[Site "Plovdiv BUL"]
[Date "2008.04.24"]
[Round "4"]
[White "Jianu,V"]
[Black "Nielsen,PH"]
[Result "1/2-1/2"]
[WhiteElo "2531"]
[BlackElo "2629"]

1.d4 d5 2.c4 e6 3.Nf3 Nf6 4.Nc3 c6 5.e3 Nbd7 6.Bd3 dxc4 7.Bxc4 b5 8.Bd3 Bb7
9.O-O a6 10.e4 c5 11.d5 Qc7 12.dxe6 fxe6 13.Bc2 c4 14.Ng5 Nc5 15.e5 Qxe5
16.Re1 Qd6 17.Qxd6 Bxd6 18.Be3 O-O 19.Rad1 Be7 20.Bxc5 Bxc5 21.Nxe6 Rfc8
22.h3 Rab8  1/2-1/2

[Event "IX EICC"]
[Site "Plovdiv BUL"]
[Date "2008.04.24"]
[Round "4"]
[White "Tratar,M"]
[Black "Potkin,V"]
[Result "1/2-1/2"]
[WhiteElo "2477"]
[BlackElo "2617"]

1.Nf3 d5 2.d4 Nf6 3.c4 c6 4.e3 e6 5.Nc3 Nbd7 6.Qc2 Bd6 7.e4 dxe4 8.Nxe4 Nxe4
9.Qxe4 e5 10.dxe5 O-O 11.Be2 Nxe5 12.Nxe5 Qa5+ 13.Bd2  1/2-1/2

[Event "IX EICC"]
[Site "Plovdiv BUL"]
[Date "2008.04.24"]
[Round "4"]
[White "Golod,V"]
[Black "Popov,Val"]
[Result "1/2-1/2"]
[WhiteElo "2606"]
[BlackElo "2525"]

1.d4 d5 2.c4 e6 3.Nf3 Nf6 4.Nc3 c6 5.e3 Nbd7 6.Qc2 Bd6 7.b3 O-O 8.Be2 b6
9.O-O Bb7 10.Bb2 Re8 11.Rad1 Qc7 12.h3 Rad8 13.Rfe1 h6 14.a3 dxc4 15.bxc4 a6
16.e4 e5 17.c5 bxc5 18.dxe5 Nxe5 19.Na4 Bc8 20.Bxe5 Bxe5 21.Nxe5 Rxe5  1/2-1/2

[Event "IX EICC"]
[Site "Plovdiv BUL"]
[Date "2008.04.25"]
[Round "5"]
[White "Ramesa,D"]
[Black "Colovic,A"]
[Result "0-1"]
[WhiteElo "2321"]
[BlackElo "2493"]

1.Nf3 d5 2.d4 Nf6 3.c4 c6 4.Nc3 e6 5.e3 Nbd7 6.Qc2 Bd6 7.g4 h6 8.Bd2 dxc4
9.Bxc4 b5 10.Be2 Bb7 11.g5 hxg5 12.Nxg5 Qe7 13.Nce4 Rc8 14.Nxd6+ Qxd6 15.Bf3 Nd5
16.Rg1 Qe7 17.a3 c5 18.Rc1 Rxh2 19.Ne4 f5 20.Nxc5 Qh4 21.Rg3 Rxc5 22.dxc5 Ne5
23.c6 Qxg3 24.fxg3 Nxf3+ 25.Kd1 Bc8 26.Qd3 Rxd2+ 27.Qxd2 Nxd2 28.Kxd2 Kd8
29.Kd3 Kc7 30.Rh1 Kxc6 31.Rh7 a5 32.Rxg7 Bb7 33.e4 Nb6 34.Kd4 Nc4  0-1

[Event "IX EICC"]
[Site "Plovdiv BUL"]
[Date "2008.04.25"]
[Round "5"]
[White "Popov,Val"]
[Black "Vitiugov,N"]
[Result "1/2-1/2"]
[WhiteElo "2525"]
[BlackElo "2617"]

1.c4 e6 2.Nc3 d5 3.d4 c6 4.Nf3 Nf6 5.e3 Nbd7 6.Qc2 Bd6 7.Bd3 O-O 8.O-O dxc4
9.Bxc4 b5 10.Be2 Bb7 11.Rd1 Qb8 12.a3 Rc8 13.h3 c5 14.Bxb5 Bxf3 15.gxf3 cxd4
16.Bxd7 Nxd7 17.Rxd4 Ne5 18.Kg2 Ng6 19.Qa4 Be5 20.Rd3 Rd8 21.Qc4 Nh4+ 22.Kf1 Nxf3
23.Rxd8+ Qxd8 24.Qe4 Bxc3 25.Qxf3 Bf6 26.e4 Rc8 27.Kg2 Be5 28.Be3 Bxb2 29.Rb1 Bxa3
30.Rb7 Qe8 31.Bxa7 Bf8 32.Qf4 f6 33.Rb8 Rxb8 34.Qxb8 Qc6 35.f3 Kf7 36.Qb6 Qc2+
37.Qf2 Qa4 38.Be3 Bd6 39.Qd2 Qc6 40.Qf2 Bb8 41.Qh4 Qc2+ 42.Qf2 Qc7 43.Kh1 h5
44.Kg1 g5 45.Kf1 Qc6 46.Kg2 Qd6 47.Kf1 Qd1+ 48.Kg2 g4 49.hxg4 hxg4 50.Qf1 Qd6
51.Qh1 Qg3+ 52.Kf1 gxf3 53.Bf2 Qf4 54.Qh7+ Ke8 55.Qg8+ Ke7 56.Qg7+ Ke8 57.Qg8+ Ke7
58.Qg7+ Kd8 59.Qg8+ Kd7 60.Qf7+ Kd8 61.Qf8+ Kd7  1/2-1/2

[Event "IX EICC"]
[Site "Plovdiv BUL"]
[Date "2008.04.25"]
[Round "5"]
[White "Vegh,E"]
[Black "Ivanov L.,S"]
[Result "1-0"]
[WhiteElo "2278"]
[BlackElo "2129"]

1.d4 d5 2.c4 c6 3.Nc3 Nf6 4.e3 e6 5.Nf3 Nbd7 6.Qc2 b6 7.Bd2 Bb7 8.e4 dxe4
9.Nxe4 Be7 10.Bd3 c5 11.dxc5 Nxc5 12.Nxc5 Bxc5 13.O-O-O Qc7 14.Bc3 O-O-O
15.Ne5 Nh5 16.Be4 f6 17.Bxb7+ Qxb7 18.Nd3 Qxg2 19.Qe2 Qg5+ 20.Bd2 Qf5 21.Be3 Bd6
22.Kb1 Kb8 23.Ka1 g6 24.Qc2 Rc8 25.Qb3 Ka8 26.Rd2 Qe4 27.Rc1 Rhd8 28.h3 Nf4
29.Nb4 Bxb4 30.Rxd8 Rxd8 31.Qxb4 Nd5 32.Qd2 Rc8 33.cxd5 Rxc1+ 34.Qxc1 Kb7
35.Qc6+ Ka6 36.Qc8+ Kb5 37.Qc6+ Ka6 38.Qc8+ Kb5 39.dxe6 f5 40.Qd7+ Ka6 41.b3 Qe5+
42.Kb1 Qe4+ 43.Kb2 Qe5+ 44.Ka3 f4 45.Bd4 Qe1 46.Qc8+  1-0

[Event "IX EICC w"]
[Site "Plovdiv BUL"]
[Date "2008.04.25"]
[Round "5"]
[White "Foisor,C"]
[Black "Schneider,Ve"]
[Result "1/2-1/2"]
[WhiteElo "2364"]
[BlackElo "2261"]

1.c4 c6 2.Nf3 Nf6 3.Nc3 d5 4.e3 e6 5.d4 Nbd7 6.Qc2 b6 7.Be2 Bb7 8.O-O dxc4
9.Bxc4 c5 10.Qe2 a6 11.a4 Qc7 12.Rd1 Be7 13.b3 cxd4 14.exd4 O-O 15.Bb2 Bd6
16.h3 Rfe8 17.Rac1 Bf4 18.Rc2 Qd6 19.Bc1 Nf8 20.Ne5 Ng6 21.Nxg6 hxg6 22.Bxf4 Qxf4
23.Qe5 Qh4 24.Bf1 Rac8 25.Rcc1 Red8 26.Qe3 Qh6 27.b4 Rd7 28.Na2 Rxc1 29.Rxc1 Nd5
30.Qxh6 gxh6 31.g3 Ne7 32.Nc3 Rxd4 33.Ne2 Rd7 34.Nf4 Kg7 35.h4 e5 36.Nd3 Kf6
37.a5 e4 38.Nf4 bxa5 39.bxa5 g5 40.Ng2 Nf5 41.Rb1 Bc8 42.Rb8 Bb7 43.Ne3 Nxe3
44.fxe3 Re7 45.Kf2 Ke5 46.Rg8 gxh4 47.gxh4 Kd6 48.Bh3 Re5 49.Rh8 h5 50.Rh6+ Ke7
51.Kg3 Rxa5 52.Kf4 Rc5 53.Bf5 a5 54.Rb6 Bc8 55.Bxc8 Rxc8 56.Ra6 Rg8 57.Kxe4 Rg4+
58.Ke5 a4 59.Ra7+ Kf8 60.Kf6 Rg6+ 61.Kf5 Rg4  1/2-1/2

[Event "26th Liechtenstein Open"]
[Site "Triesen LIE"]
[Date "2008.04.25"]
[Round "1"]
[White "Ovsejevitsch,S"]
[Black "Gerhard,W"]
[Result "1-0"]
[WhiteElo "2581"]
[BlackElo "2023"]

1.d4 d5 2.c4 c6 3.e3 Nf6 4.Nc3 e6 5.Nf3 Nbd7 6.Bd3 dxc4 7.Bxc4 b5 8.Be2 b4
9.Na4 Bb7 10.Bd2 Ne4 11.O-O Nxd2 12.Nxd2 c5 13.dxc5 Nxc5 14.Bb5+ Nd7 15.Nc4 a6
16.Bxd7+ Qxd7 17.Qxd7+ Kxd7 18.Nab6+ Kc6 19.Nxa8 Bxa8 20.Ne5+ Kb5 21.Nxf7 Rg8
22.Rfd1  1-0

[Event "XIV Leonardo di Bona Magistrale"]
[Site "Cutro ITA"]
[Date "2008.04.26"]
[Round "4"]
[White "Salvador,R"]
[Black "Stromboli,C"]
[Result "1/2-1/2"]
[WhiteElo "2450"]
[BlackElo "2266"]

1.d4 d5 2.Nf3 c6 3.c4 Nf6 4.Nc3 e6 5.e3 Nbd7 6.Qc2 Bd6 7.b3 O-O 8.Be2 b6
9.O-O Bb7 10.Bb2 Re8 11.Rad1 Qe7 12.e4 dxe4 13.Nxe4 Nxe4 14.Qxe4 Nf6 15.Qc2 c5
16.Rfe1 cxd4 17.Rxd4 Bb4 18.Red1 Rad8 19.h3 Rxd4 20.Rxd4 Rd8 21.Rxd8+ Qxd8
22.a3 Be7 23.Ng5 h6 24.Bf3 Qa8 25.Bxf6 Bxf6 26.Qh7+ Kf8 27.Bxb7 Qxb7 28.Qh8+ Ke7
29.Nh7 e5 30.Qf8+ Ke6 31.Nxf6 gxf6 32.Qxh6 Qe4 33.Qe3 Qb1+ 34.Kh2 f5 35.b4 Qc2
36.c5 bxc5 37.Qxc5 Qe4 38.b5 Qf4+ 39.g3 Qa4 40.h4 f4 41.g4 Qd1 42.h5 Kf6
43.Qc8 Qd4 44.Qf5+ Kg7 45.h6+ Kxh6 46.Qf6+ Kh7 47.Qxf7+ Kh6 48.Qh5+ Kg7 49.Qg5+ Kf7
50.Qf5+ Kg7 51.Qc2 Kf6 52.f3 e4 53.fxe4 Kg5 54.Qa2 Qxe4 55.a4 f3 56.Qg8+ Kh4
57.Qh8+ Kxg4 58.Qg7+ Kf4 59.Qh6+ Kg4 60.Qg7+ Kf4  1/2-1/2

[Event "XVI Sigeman & Co"]
[Site "Malmo SWE"]
[Date "2008.04.26"]
[Round "5"]
[White "Akesson,R"]
[Black "Hillarp Persson,T"]
[Result "0-1"]
[WhiteElo "2466"]
[BlackElo "2491"]

1.d4 d5 2.c4 c6 3.e3 Nf6 4.Nc3 e6 5.Nf3 Nbd7 6.Qc2 Bd6 7.Be2 O-O 8.b3 b6
9.O-O Bb7 10.Bb2 Qe7 11.Rad1 Rad8 12.Bd3 Rfe8 13.Rfe1 dxc4 14.Bxc4 a6 15.e4 b5
16.Bf1 e5 17.Ne2 Bb4 18.Nc3 exd4 19.Nxd4 Ne5 20.Nf5 Qc7 21.h3 c5 22.Rxd8 Rxd8
23.f4 Ng6 24.e5 Nh5 25.Nd6 Nhxf4 26.Rd1 Ba8 27.Nce4 Ne6 28.a4 c4 29.bxc4 Bxe4
30.Qxe4 bxa4 31.Kh1 a3 32.Ba1 Nxe5 33.c5 Bxc5 34.Bxe5 Bxd6 35.Ba1 Bc5 36.Rc1 Qg3
37.Bc4 Bd6 38.Kg1 Bc5+ 39.Kh1 Bd6 40.Kg1 Qh2+ 41.Kf2 Bg3+ 42.Ke2 Nf4+  0-1

[Event "IX EICC w"]
[Site "Plovdiv BUL"]
[Date "2008.04.26"]
[Round "6"]
[White "Romanko,M"]
[Black "Kachiani,K"]
[Result "1-0"]
[WhiteElo "2325"]
[BlackElo "2388"]

1.d4 d5 2.c4 e6 3.Nf3 Nf6 4.Nc3 c6 5.e3 a6 6.Qc2 c5 7.a3 Nc6 8.dxc5 Bxc5
9.b4 Ba7 10.Bb2 Bd7 11.Rd1 dxc4 12.Bxc4 b5 13.Bb3 Rc8 14.Ne4 Nxe4 15.Qxe4 Qe7
16.O-O O-O 17.Ne5 Be8 18.Rc1 f5 19.Nxc6 Rxc6 20.Qe5 Rd6 21.Rfd1 Bb8 22.Rxd6 Bxd6
23.Qxe6+ Bf7 24.Qxe7 Bxe7 25.Bxf7+ Kxf7 26.Rc7 g6 27.Bd4 Rd8 28.Kf1 Ke6 29.Ra7 f4
30.Rxa6+ Kd5 31.Ra7 fxe3 32.Bxe3 Re8 33.Rc7 h5 34.Ke2 Bd6 35.Rd7 Re6 36.h3 Kc4
37.Rb7 Be5 38.Kd2 Bb2 39.Kc2 Be5 40.Rd7 Ra6 41.Re7 Bd6 42.Re4+ Kd5 43.Rd4+ Ke6
44.Kb3 Ra8 45.Rd1 Be5 46.Rc1 Rd8 47.Rc6+ Kf5 48.Rc5 Ke4 49.Rxb5 Rd3+ 50.Kc2 Rxa3
51.Ra5 Rc3+ 52.Kd2 Rc4 53.f3+ Kf5 54.f4  1-0

[Event "XXI Open"]
[Site "Benidorm ESP"]
[Date "2008.04.27"]
[Round "3"]
[White "Avrukh,B"]
[Black "Libiszewski,F"]
[Result "1-0"]
[WhiteElo "2632"]
[BlackElo "2465"]

1.d4 d5 2.c4 c6 3.Nc3 Nf6 4.e3 e6 5.Nf3 a6 6.c5 b6 7.cxb6 Nbd7 8.Bd3 Qxb6
9.O-O c5 10.b3 cxd4 11.exd4 Bd6 12.Bb2 Qb8 13.Qe2 Bb7 14.Rfe1 O-O 15.Ne5 Rc8
16.Na4 Bxe5 17.dxe5 Ne4 18.Bd4 a5 19.Qe3 f6 20.exf6 e5 21.Bxe4 dxe4 22.Qg3 g6
23.Qh3 Qd6 24.f7+ Kg7 25.Be3 Bd5 26.f8=Q+  1-0

[Event "TCh-HUN 2007-8"]
[Site "Budapest HUN"]
[Date "2008.04.27"]
[Round "10"]
[White "Kiss,Pa1"]
[Black "Lukacs,P"]
[Result "1/2-1/2"]
[WhiteElo "2370"]
[BlackElo "2413"]

1.d4 d5 2.c4 c6 3.e3 Nf6 4.Nc3 e6 5.Nf3 Nbd7 6.Qc2 Bd6 7.Bd3 O-O 8.O-O dxc4
9.Bxc4 a6 10.Rd1 Qe7 11.Ne4  1/2-1/2

[Event "TCh-HUN 2007-8"]
[Site "Budapest HUN"]
[Date "2008.04.27"]
[Round "10"]
[White "Prohaszka,P2"]
[Black "Straubinger,D"]
[Result "1-0"]
[WhiteElo "2470"]
[BlackElo "2104"]

1.d4 d5 2.c4 c6 3.Nc3 Nf6 4.e3 e6 5.Nf3 Nbd7 6.Qc2 Bd6 7.b3 O-O 8.Be2 dxc4
9.bxc4 e5 10.O-O Re8 11.Rd1 Qe7 12.a4 exd4 13.exd4 Nf8 14.h3 Ng6 15.Bd3 Nf4
16.Bf5 Bxf5 17.Qxf5 Ne2+ 18.Nxe2 Qxe2 19.Qd3 Qxd3 20.Rxd3 Ne4 21.Be3 f5 22.Rb1 b6
23.Kf1 Rad8 24.Rbd1 Rc8 25.Nd2 c5 26.Nxe4 fxe4 27.R3d2 cxd4 28.Rxd4 Bc5 29.Rd7 Bxe3
30.fxe3 Rf8+ 31.Kg1 Rf7 32.Rd8+ Rf8 33.R8d4 Rfe8 34.Rd7 Rxc4 35.Rxa7 Rc6
36.Rdd7 Rg6 37.Re7 Kf8 38.Rf7+ Kg8 39.Rfe7 Kf8 40.Rf7+ Kg8 41.Rae7 Rc8 42.Rf2 h6
43.Rxe4 Rc1+ 44.Kh2 Rb1 45.h4 b5 46.h5 Rg5 47.g4 bxa4 48.Re8+ Kh7 49.Rff8 Rb2+
50.Kh3  1-0

[Event "IX EICC w"]
[Site "Plovdiv BUL"]
[Date "2008.04.27"]
[Round "7"]
[White "Kadimova,I"]
[Black "Cosma,E"]
[Result "1-0"]
[WhiteElo "2308"]
[BlackElo "2374"]

1.d4 d5 2.c4 c6 3.e3 e6 4.Nf3 Nf6 5.Nc3 Nbd7 6.Bd3 dxc4 7.Bxc4 b5 8.Bd3 a6
9.e4 c5 10.e5 cxd4 11.Nxb5 axb5 12.exf6 gxf6 13.O-O Qb6 14.Qe2 Ba6 15.a4 Bd6
16.a5 Qc5 17.Qe4 Rc8 18.Bd2 f5 19.Qh4 Ne5 20.Nxe5 Qxe5 21.Rfe1 Qd5 22.Qh5 Be7
23.Re2 Bb7 24.f3 Qb3 25.Bxf5 Rc5 26.a6 Bxa6 27.Bxe6 Qxe6 28.Rxe6 Rxh5 29.Rexa6 O-O
30.Re1 Bc5 31.b4  1-0

[Event "IX EICC"]
[Site "Plovdiv BUL"]
[Date "2008.04.27"]
[Round "7"]
[White "Markos,J"]
[Black "Beliavsky,A"]
[Result "1-0"]
[WhiteElo "2565"]
[BlackElo "2641"]

1.d4 d5 2.c4 c6 3.Nc3 Nf6 4.e3 e6 5.Nf3 Nbd7 6.Qc2 Bd6 7.Be2 O-O 8.O-O Re8
9.Rd1 Qe7 10.b3 dxc4 11.bxc4 e5 12.a4 exd4 13.exd4 Nf8 14.Bg5 Bb4 15.Bd3 Bg4
16.Re1 Qd7 17.Bxf6 gxf6 18.Ne4 Kg7 19.Re3 f5 20.Ng3 f4 21.Bf5 Bxf5 22.Nxf5+ Kg8
23.Ne5 Qe6 24.Rh3 f6 25.Nh6+ Kg7 26.Nd3 Ng6 27.Qd1 a5 28.Qh5 Kh8 29.d5 cxd5
30.cxd5 Qd7 31.Nxf4 Nxf4 32.Nf7+ Qxf7 33.Qxf7 Nxh3+ 34.gxh3 Rf8 35.Qxb7 Rab8
36.Qa7 Rbd8 37.Rd1 Rd6 38.Kf1 Rg8 39.Rc1 Rxd5 40.Qf7  1-0

[Event "IX EICC"]
[Site "Plovdiv BUL"]
[Date "2008.04.27"]
[Round "7"]
[White "Ramesa,D"]
[Black "Kaplan,S"]
[Result "0-1"]
[WhiteElo "2321"]
[BlackElo "2428"]

1.Nf3 Nf6 2.c4 c6 3.d4 d5 4.e3 e6 5.Nc3 Nbd7 6.Qc2 Bd6 7.e4 dxe4 8.Nxe4 Nxe4
9.Qxe4 Qa5+ 10.Bd2 Bb4 11.Bd3 c5 12.Qg4 Bxd2+ 13.Nxd2 cxd4 14.Qxg7 Qe5+ 15.Qxe5 Nxe5
16.Be4 f5 17.f4 Ng6 18.Bc2 Nxf4 19.O-O Ng6 20.Nf3 Bd7 21.Nxd4 O-O-O 22.Rfe1 Rhe8
23.c5 Nh4 24.Kf2 e5 25.g3 exd4 26.gxh4 f4 27.Be4 Bg4 28.Bf3 Bf5 29.Rxe8 Rxe8
30.Rg1 d3 31.Rg5 Be4 32.Bxe4 Rxe4 33.Rd5 Re2+ 34.Kf3 Rxh2 35.Kxf4 Rxh4+ 36.Kf3 Rc4
37.Rxd3 Rxc5 38.b3 Rf5+ 39.Kg4 Rf7 40.Kg5 Kc7 41.a3 Kc6 42.Kh6 Kc5 43.Kg5 b5
44.Kh6 a5 45.Rd8 Kb6 46.Rb8+ Rb7 47.Rc8 Ka7 48.Rc5 Ka6 49.Rc3 a4 50.b4 Rf7
51.Rd3 Kb6 52.Re3 Rf1 53.Kxh7 Rb1 54.Re6+ Kc7 55.Re7+ Kd6 56.Rb7 Kc6 57.Rb8 Rb3
58.Rc8+ Kb7 59.Rc5 Kb6 60.Rc8 Rxa3 61.Rb8+ Kc6  0-1

[Event "IX EICC"]
[Site "Plovdiv BUL"]
[Date "2008.04.27"]
[Round "7"]
[White "Beckhuis,G"]
[Black "Berczes,D"]
[Result "1-0"]
[WhiteElo "2350"]
[BlackElo "2453"]

1.c4 Nf6 2.Nc3 e6 3.Nf3 d5 4.d4 c6 5.e3 Nbd7 6.Bd3 dxc4 7.Bxc4 b5 8.Bd3 a6
9.e4 c5 10.d5 Qc7 11.O-O Bb7 12.Bg5 c4 13.Bc2 Bd6 14.dxe6 fxe6 15.Nd4 O-O
16.f4 Bc5 17.Kh1 Bxd4 18.Qxd4 Qc6 19.Rad1 Nc5 20.Bxf6 Rxf6 21.b4 cxb3 22.axb3 Raf8
23.g3 a5 24.b4 axb4 25.Qxb4 Na6 26.Qxb5 Qxc3 27.Qxb7 Qxc2 28.Qxa6 Rh6 29.h4 Qxe4+
30.Kh2 Qc2+ 31.Kh3 e5 32.Qd3 Qc7 33.Qd7 Qxd7+ 34.Rxd7 Rhf6 35.Kg4  1-0

[Event "IX EICC"]
[Site "Plovdiv BUL"]
[Date "2008.04.27"]
[Round "7"]
[White "Volkov,Sergey1"]
[Black "Pavasovic,D"]
[Result "1/2-1/2"]
[WhiteElo "2633"]
[BlackElo "2595"]

1.d4 d5 2.c4 e6 3.Nc3 c6 4.e3 Nf6 5.Nf3 Nbd7 6.Bd3 dxc4 7.Bxc4 b5 8.Bd3 Bd6
9.O-O O-O 10.b3 Bb7 11.Bb2 a6 12.a4 b4 13.Ne4 Nxe4 14.Bxe4 f5 15.Bd3 c5 16.Rc1 cxd4
17.exd4 Nf6 18.Re1 Re8 19.Ne5 Nd5 20.Qd2 Rc8 21.Rc4 Rc7 22.Bf1 Nf6 23.Qe3 Qa8
24.Rec1 Ree7 25.Qe1 a5 26.Rxc7 Bxc7 27.Rc5 Ne4 28.Rc2 Bd6 29.Qc1 Nf6 30.Bb5 Nd5
31.Bc6 Bxe5 32.dxe5 Bxc6 33.Rxc6 Nc3 34.Qg5 Qxc6 35.Qxe7 Ne2+ 36.Kh1 Nf4
37.f3 h6 38.Qd8+ Kh7 39.Qd2 Qa6 40.Kg1 Qb6+ 41.Kh1 Qa6 42.Kg1 Nd5 43.Bd4 Qc6
44.h3 Ne7 45.Bf2 Nd5 46.Bd4 Ne7 47.Bf2 Nd5  1/2-1/2

[Event "IX EICC"]
[Site "Plovdiv BUL"]
[Date "2008.04.27"]
[Round "7"]
[White "Kozul,Z"]
[Black "Bindrich,F"]
[Result "1-0"]
[WhiteElo "2583"]
[BlackElo "2513"]

1.Nf3 d5 2.c4 c6 3.e3 Nf6 4.Nc3 e6 5.d4 Nbd7 6.Bd3 Bd6 7.e4 dxe4 8.Nxe4 Nxe4
9.Bxe4 e5 10.O-O exd4 11.Qxd4 Qf6 12.Bc2 Qxd4 13.Nxd4 Ne5 14.b3 O-O 15.Bb2 Bd7
16.Rad1 Rad8 17.Nb5 Bb8 18.Nd6 Bg4 19.Bxe5 Bxd1 20.Rxd1 b6 21.b4 c5 22.bxc5 bxc5
23.Bg3 g6 24.Kf1 f5 25.Nb7 Rxd1+ 26.Bxd1 Bxg3 27.hxg3 Kg7 28.f4 Rf6 29.Nxc5 Rc6
30.Nd3 Rxc4 31.Ke2 Kf6 32.Bb3 Re4+ 33.Kd2 h6 34.Bd1 g5 35.Bc2 Re8 36.Nb4 Rd8+
37.Ke3 Re8+ 38.Kd2 Rd8+ 39.Bd3 Rd7 40.Nc2 Rb7 41.a4 a5 42.Ne3 Rb2+ 43.Bc2 Ra2
44.Kc3 Kg6 45.Bxf5+ Kh5 46.Bc2 Ra1 47.f5  1-0

[Event "26th Liechtenstein Open"]
[Site "Triesen LIE"]
[Date "2008.04.27"]
[Round "3"]
[White "Mira,H"]
[Black "Sommer,S"]
[Result "1/2-1/2"]
[WhiteElo "2147"]
[BlackElo "2041"]

1.Nf3 d5 2.d4 Nf6 3.c4 c6 4.e3 e6 5.Nc3 Nbd7 6.Bd3 dxc4 7.Bxc4 b5 8.Bd3 Bb7
9.O-O a6 10.e4 c5 11.d5 c4 12.dxe6 fxe6 13.Bc2 Qc7 14.e5 Nxe5 15.Nxe5 Qxe5
16.Re1 Qc7 17.Bg5 Be7 18.Bxf6 Bxf6 19.Nd5 Bxd5 20.Qxd5 O-O 21.Qxe6+  1/2-1/2

[Event "26th Liechtenstein Open"]
[Site "Triesen LIE"]
[Date "2008.04.27"]
[Round "3"]
[White "Ballon,G"]
[Black "Bezler,R"]
[Result "0-1"]
[WhiteElo "2187"]
[BlackElo "2272"]

1.d4 d5 2.Nf3 Nf6 3.c4 e6 4.Nc3 c6 5.e3 Nbd7 6.Qc2 Bd6 7.b3 b6 8.Bd3 Bb7
9.O-O O-O 10.cxd5 exd5 11.Bb2 Re8 12.h3 Qe7 13.Qe2 Rad8 14.Nd2 Nf8 15.Rfe1 Ng6
16.Rad1 Qd7 17.Qf1 Nh4 18.Qe2 Bc8 19.Ba6 Bxa6 20.Qxa6 Qf5 21.Qe2 Qg6 22.g3 Bxg3
23.fxg3 Qxg3+ 24.Kh1 Rxe3 25.Rg1 Qxh3+ 26.Qh2 Ng4 27.Rxg4 Qxg4 28.Rg1 Qe6
29.Rg3 Re1+ 30.Rg1 Rxg1+ 31.Qxg1 Re8 32.Qg3 Nf5 33.Qf4 Nxd4 34.Qxd4 Qh3+
35.Kg1 Qg3+  0-1

[Event "XVI Sigeman & Co"]
[Site "Malmo SWE"]
[Date "2008.04.29"]
[Round "8"]
[White "Akesson,R"]
[Black "Agrest,E"]
[Result "1/2-1/2"]
[WhiteElo "2466"]
[BlackElo "2567"]

1.d4 d5 2.c4 c6 3.Nc3 Nf6 4.e3 e6 5.Nf3 Nbd7 6.Qc2 Bd6 7.Be2 O-O 8.b3 b6
9.O-O Bb7 10.Bb2 Qe7 11.Rad1 Rad8 12.Bd3 Rfe8 13.Rfe1 e5 14.e4 dxc4 15.Bxc4 b5
16.Bf1 a6 17.g3 Qf8 18.Bg2 exd4 19.Nxd4 Ne5 20.f4 Bc5 21.Nb1 Ng6 22.Kh1 Bb4
23.Nc3 Qc5 24.a3 Bxa3 25.Bxa3 Qxa3 26.e5 Qc5 27.Ncxb5 Qxc2 28.Nxc2 axb5 29.exf6 Rxe1+
30.Rxe1 gxf6 31.Nb4 Rd6 32.Re8+ Kg7 33.h4 h5 34.Rb8 Rd7 35.Bxc6 Bxc6+ 36.Nxc6 Rd3
37.Kg2  1/2-1/2

[Event "IX EICC"]
[Site "Plovdiv BUL"]
[Date "2008.04.29"]
[Round "8"]
[White "Beinoras,M"]
[Black "Kulaots,K"]
[Result "1/2-1/2"]
[WhiteElo "2339"]
[BlackElo "2530"]

1.d4 Nf6 2.c4 e6 3.Nf3 d5 4.Nc3 c6 5.e3 Nbd7 6.Qc2 Bd6 7.Bd3 dxc4 8.Bxc4 O-O
9.O-O a6 10.Rd1 b5 11.Be2 Qc7 12.e4 e5 13.Bg5 Re8 14.dxe5 Nxe5 15.Bxf6 Nxf3+
16.Bxf3 gxf6 17.g3 Be5 18.Rac1 Bh3 19.Qd2 Rad8 20.Qh6 Rxd1+ 21.Nxd1 Be6 22.Ne3 Bxb2
23.Rc5 Bd4 24.Rh5 Bxe3 25.fxe3 Qa5 26.e5 Qe1+ 27.Kg2 Qd2+ 28.Kg1 Rd8 29.Qxh7+ Kf8
30.Qh6+ Ke7 31.exf6+ Kd7 32.Rc5 Qe1+ 33.Kg2  1/2-1/2

[Event "IX EICC w"]
[Site "Plovdiv BUL"]
[Date "2008.04.29"]
[Round "8"]
[White "Atalik,E"]
[Black "Kadimova,I"]
[Result "1/2-1/2"]
[WhiteElo "2409"]
[BlackElo "2308"]

1.d4 d5 2.c4 c6 3.Nc3 Nf6 4.e3 e6 5.Nf3 Nbd7 6.Bd3 dxc4 7.Bxc4 b5 8.Bd3 b4
9.Ne4 Nxe4 10.Bxe4 Bb7 11.Qa4 Qb6 12.Nd2 c5 13.O-O Rc8 14.dxc5 Bxc5 15.a3 bxa3
16.b3 Bc6 17.Bxc6 Qxc6 18.Qxc6 Rxc6 19.Bxa3 Bxa3 20.Rxa3 a6 21.Rfa1 Nb8 22.Nc4 Ke7
23.Kf1 Rd8 24.Ke2 Rc5 25.Ra5 Rdd5 26.Rxc5 Rxc5 27.Kd2 f6 28.Kc3 Rd5 29.Ra4 Rb5
30.e4 Nd7 31.f3 Nb8 32.Ra2 Rb7 33.f4 Rb5 34.g3 Nd7 35.b4 Nb8 36.Nb2 Rb6 37.Nd3 Rd6
38.Nc5 Rc6 39.f5 e5 40.g4 Rd6 41.Rd2 Rc6 42.Kc4 Rc8 43.h4 h6 44.Rg2 a5 45.Ra2 axb4
46.Kxb4 Nc6+ 47.Kc4 Nb8 48.Kb5 Nc6 49.Ne6 g5 50.hxg5 hxg5 51.Rd2 Nd4+ 52.Nxd4 exd4
53.Rxd4 Rc1 54.Rc4 Rg1 55.Kc5 Rxg4 56.Kd5 Rf4 57.Rc7+ Kf8 58.Ke6 Rxe4+ 59.Kxf6 g4
60.Rh7 Kg8 61.Ra7 Kf8 62.Rh7 Kg8 63.Rh4 Ra4 64.Kg6 Ra6+ 65.f6 Ra7 66.Rh2 g3
67.Rb2 Ra8 68.Rg2 Ra7 69.Re2 Ra8 70.Rd2 Rb8 71.Kg5 Rb5+ 72.Kg6 Rb8 73.Rc2 Ra8
74.Rb2 Rc8 75.Rd2 Ra8 76.Rc2  1/2-1/2

[Event "IX EICC"]
[Site "Plovdiv BUL"]
[Date "2008.04.30"]
[Round "9"]
[White "Drasko,M"]
[Black "Solak,D"]
[Result "1/2-1/2"]
[WhiteElo "2536"]
[BlackElo "2630"]

1.d4 d5 2.c4 c6 3.e3 Nf6 4.Nc3 e6 5.Nf3 Nbd7 6.Qc2 Bd6 7.b3 O-O 8.Be2 e5
9.cxd5 Nxd5 10.Nxd5 cxd5 11.dxe5 Nxe5 12.Bb2 Bb4+ 13.Kf1 f6 14.h4 Qd6 15.Rd1 Be6
16.Nd4 Rac8 17.Qb1 Bd7 18.g3 Rc7 19.Kg2 Rfc8 20.Rc1 Rxc1 21.Rxc1 a6 22.Rxc8+ Bxc8
23.Qc2 Qd7 24.Kg1 Bd6 25.Bf1 Nc6 26.Bd3 h6 27.Bf5 Qc7 28.Bxc8 Qxc8 29.Kg2 Be5
30.Qc5 Qd7 31.Nxc6 Qxc6 32.Qxc6 bxc6 33.Ba3 f5 34.h5 g6 35.hxg6 Kg7 36.Bc5 Kxg6
37.Kf3 Bc7 38.Bf8 h5 39.Bc5 Kf6 40.Ke2 Kg5 41.Kf3 Kg6 42.Kg2 Kf6 43.Kf3 Ke6
44.Ke2 Bd8 45.Kd3 Bf6 46.Ke2 Be5 47.Kd3 Bb8 48.Kd2 Kf6 49.Ke2 Bc7 50.Kf3 Kg6
51.Ke2 Bd8 52.Kf3 Kg5 53.Kg2 Kg4 54.Bd6 Bf6 55.Bf4 h4 56.f3+ Kh5 57.Bd6 Bg5
58.Bc5 Bd8 59.Kh3 Bf6 60.Bd6 Bg5 61.Bc5 Bd8 62.gxh4 Bxh4 63.Kg2 Bf6 64.Kf2 Kh4
65.e4  1/2-1/2

[Event "IX EICC"]
[Site "Plovdiv BUL"]
[Date "2008.04.30"]
[Round "9"]
[White "Nielsen,PH"]
[Black "Baramidze,D"]
[Result "1-0"]
[WhiteElo "2629"]
[BlackElo "2583"]

1.d4 d5 2.c4 c6 3.Nc3 Nf6 4.e3 e6 5.Nf3 Nbd7 6.Bd3 dxc4 7.Bxc4 b5 8.Bd3 Bb7
9.a3 b4 10.Ne4 bxa3 11.O-O Nxe4 12.Bxe4 Nf6 13.Bd3 Be7 14.b3 Qa5 15.b4 Bxb4
16.Bxa3 O-O 17.Bxb4 Qxb4 18.Ne5 Rfc8 19.Qc2 Qe7 20.Ra5 c5 21.dxc5 Bd5 22.Rfa1 Qb7
23.Ba6 Qc7 24.Bxc8 Qxe5 25.Bb7 Bxb7 26.c6 Qc7 27.cxb7 Qxb7 28.Rxa7  1-0

[Event "Open"]
[Site "Halkidiki GRE"]
[Date "2008.05.01"]
[Round "4"]
[White "Ataman,A"]
[Black "Malikentzos,S"]
[Result "1/2-1/2"]
[WhiteElo "2231"]
[BlackElo "2043"]

1.d4 d5 2.c4 c6 3.Nc3 Nf6 4.e3 e6 5.Nf3 Nbd7 6.Qc2 b6 7.b3 Bb7 8.Bd3 Bd6
9.O-O O-O 10.Rd1 Qe7 11.e4 dxe4 12.Nxe4 Nxe4 13.Bxe4 f5 14.Bd3 c5 15.d5 Ne5
16.Nxe5 Bxe5 17.Rb1 exd5 18.Bxf5 g6 19.Bd3 d4 20.Rf1 Bf4 21.Bxf4 Rxf4 22.Rbe1 Qg5
23.g3 Raf8 24.Qe2 R4f7 25.Qe5 Qd2 26.Qe2 Qh6 27.f4 Qh3 28.Rf2 Qd7  1/2-1/2

[Event "IX EICC"]
[Site "Plovdiv BUL"]
[Date "2008.05.01"]
[Round "10"]
[White "Vallejo Pons,F"]
[Black "Erdos,V"]
[Result "1-0"]
[WhiteElo "2684"]
[BlackElo "2576"]

1.d4 d5 2.c4 c6 3.Nc3 Nf6 4.e3 e6 5.Nf3 Nbd7 6.Bd3 dxc4 7.Bxc4 b5 8.Bd3 Bd6
9.O-O O-O 10.a3 Bb7 11.Qc2 a5 12.h3 b4 13.Ne4 Nxe4 14.Bxe4 f5 15.Bd3 c5 16.Qe2 Nf6
17.Bc4 Qe7 18.Ng5 Bd5 19.Bxd5 exd5 20.dxc5 Bxc5 21.Qd3 Qd7 22.Rd1 Rfb8 23.b3 Be7
24.Nf3 Ne4 25.axb4 axb4 26.Rxa8 Rxa8 27.Bb2 Ra2 28.Qb1 Ra5 29.Rc1 Rc5 30.Rf1 Rc8
31.Bd4 Bf6 32.Qa1 Qd6 33.Bxf6 Nxf6 34.Qd4 Rc3 35.Ra1 h6 36.Ne5 Qc7 37.Ra8+ Kh7
38.Qf4 Rc1+ 39.Kh2 Qc2 40.Nf7 Kg6 41.Qg3+ Kxf7 42.Ra7+ Ke6 43.Qxg7 f4 44.Ra6+  1-0

[Event "IX EICC w"]
[Site "Plovdiv BUL"]
[Date "2008.05.01"]
[Round "10"]
[White "Javakhishvili,L"]
[Black "Molchanova,T"]
[Result "1/2-1/2"]
[WhiteElo "2466"]
[BlackElo "2359"]

1.c4 Nf6 2.Nf3 e6 3.Nc3 d5 4.d4 c6 5.e3 Nbd7 6.Bd3 dxc4 7.Bxc4 b5 8.Bd3 Bb7
9.a3 Bd6 10.O-O O-O 11.Bd2 e5 12.Qc2 h6 13.Ne2 c5 14.dxe5 Nxe5 15.Nxe5 Bxe5
16.Rad1 Qb6 17.f4 Bd6 18.Bf5 Qc6 19.Rf3 Rfe8 20.Bc3 Rxe3 21.Rxd6 Rxe2 22.Qxe2 Qxd6
23.Rg3 c4 24.Be5 Qb6+ 25.Kh1 Rd8 26.h3 Qc6 27.Kh2 a6 28.Bb1 Qe6 29.Qf2 Nh5
30.Re3 Qd7 31.Re2 f6 32.Bc3 g5 33.Rd2 Qe7 34.Rxd8+ Qxd8 35.Qc2 Qd3 36.Qxd3 cxd3
37.fxg5 fxg5 38.Bxd3 Bxg2 39.Bxb5 axb5 40.Kxg2 Nf4+ 41.Kh2 Kf7 42.b3 Ke6
43.Bd2 Ne2 44.a4 Nd4 45.Be3 bxa4 46.bxa4 Nc6 47.Bb6 h5 48.a5 g4 49.h4 Kd7
50.Kg3 Ne5 51.Kf4 Nf3 52.Bf2 Kc6 53.a6 Nxh4  1/2-1/2